LIBRARY & INFORMATION CENTRE, KCAET, TAVANUR

ONLINE PUBLIC ACCESS CATALOGUE (OPAC)

Rice in India / (Record no. 2595)

MARC details
000 -LEADER
fixed length control field 00461cam a2200181ua 4500
041 ## - LANGUAGE CODE
Language code of text/sound track or separate title eng
082 ## - DEWEY DECIMAL CLASSIFICATION NUMBER
Classification number 633.18
Item number GHO/RI
100 ## - MAIN ENTRY--AUTHOR NAME
Personal name Ghose, R L M .
245 00 - TITLE STATEMENT
Title Rice in India /
250 ## - EDITION STATEMENT
Edition statement 1 /
260 ## - PUBLICATION, DISTRIBUTION, ETC. (IMPRINT)
Place of publication New Delhi :
Name of publisher Indian Council for Agricultural Research ,
Year of publication 1960.
300 ## - PHYSICAL DESCRIPTION
Number of Pages 474 ; .
700 1# - ADDED ENTRY--PERSONAL NAME
Personal name Ghatge, M.B .
700 1# - ADDED ENTRY--PERSONAL NAME
Personal name Subramanyan, V .
942 ## - ADDED ENTRY ELEMENTS (KOHA)
Koha item type Books
Holdings
Withdrawn status Lost status Damaged status Home library Current library Date acquired Full call number Accession Number Koha item type
      KAUAET KAUAET 07/04/2012 633.18 6100 Books
free website counter